000
00394nam a22001697a 4500
003
MPLRDC
005
20220104142924.0
008
210129b ||||| |||| 00| 0 eng d
082
_a
192.8 LP
100
_a
林萍编译
245
_a
智慧语录
_c
250
_a
初版
260
_a
_b
大夏出版社
_c
1980
300
_b
平
650
_a
格言; 箴言; 金言
942
_c
BK
_o
192.8 LP
999
_c
34917
_d
34907